| 000 | 00339nam a22001457a 4500 | ||
|---|---|---|---|
| 999 |
_c8167 _d8167 |
||
| 003 | OSt | ||
| 005 | 20200807165803.0 | ||
| 008 | 200807b ||||| |||| 00| 0 eng d | ||
| 020 | _a9781610913751 | ||
| 082 |
_a658 _bSIP |
||
| 100 | _aSipes L James | ||
| 245 | _aCreating green Roadways | ||
| 260 |
_aLondon _bIsland press _c2013 |
||
| 942 | _2ddc | ||